000 00273 a2200097 4500
001 33550
100 _aChapra,S.C
245 _aApplied Numerical Methods wiht MATLAB for Engineers & Scientists
260 _aBoston
_bMcGraw-Hill (Higher Education)
_c
090 _c22321
_d22321
942 _aNUST-CAE
_cM
_c13694
999 _c268623
_d268623